| 000 | 01400nam a22003737a 4500 | ||
|---|---|---|---|
| 001 | 000453 | ||
| 003 | DO-SdBNP | ||
| 005 | 20171208111923.0 | ||
| 007 | 000453 | ||
| 008 | 160831b 2010 sp a ||||| |||| 00| 0 spa d | ||
| 020 | _a9788430607808 | ||
| 040 |
_aBPMSU _bspa _cBPMSU |
||
| 041 | 1 | 7 |
_aspa _heng |
| 082 |
_a946 _bE46e |
||
| 100 | 1 |
_aElliott, John Huxtable _d1930- |
|
| 240 | 1 | 0 |
_a[Spain, Europe and the wider world, 1500-1800. _lEspañol. |
| 245 | 1 | 0 |
_aEspaña, Europa y el mundo de ultramar (1500-1800) / _cJohn H. Elliott ; coordinación de la versión española, Marta Balcells y Juan Carlos Bayo. |
| 260 |
_aMadrid : _bTaurus, _bSantillana Ediciones Generales, _c2010. |
||
| 300 |
_a410 p. : _bil. ; _c24 cm. |
||
| 490 | 1 | _aTaurus historia | |
| 500 | _aSpain, Europe and the wider world, 1500-1800. | ||
| 500 | _aIncluye referencias bibliográficas y notas al pie de las páginas. | ||
| 500 | _aIncluye datos biográficos del autor en la solapa de la cubierta. | ||
| 651 | 4 |
_aESPAÑA _xHISTORIA _y1500-1800 |
|
| 651 | 4 |
_aESPAÑA _xRELACIONES _zEUROPA |
|
| 651 | 4 |
_aEUROPA _xRELACIONES _zESPAÑA |
|
| 700 | 1 | 2 | _aBalcells, Marta |
| 700 | 1 | 2 | _aBayo, Juan Carlos |
| 830 | 0 | _aTaurus historia | |
| 910 | _aValidado. Control de calidad MFF | ||
| 942 |
_2ddc _cBK |
||
| 945 | _aInventariado extranjero / 2017 YL | ||
| 956 |
_2LOPEREZ _310 _620160831 _8BPMSU _a00041 |
||
| 999 |
_c11258 _d11258 |
||